The distribution of economic well - Being (Record no. 8871)

000 -CABECERA
campo de control de longitud fija 00694nam#a2200241#c#4500
003 - IDENTIFICADOR DEL NÚMERO DE CONTROL
campo de control IEF
005 - FECHA Y HORA DE LA ÚLTIMA TRANSACCIÓN
campo de control 20180219150611.0
008 - CÓDIGOS DE INFORMACIÓN DE LONGITUD FIJA
campo de control de longitud fija 941205s1977 uuu####fr####| 0||u| |u
040 ## - FUENTE DE LA CATALOGACIÓN
Centro catalogador de origen IEF
245 ## - MENCIÓN DE TÍTULO
Título The distribution of economic well - Being
Mención de responsabilidad etc. edited by F. Thomas Juster
260 ## - PUBLICACIÓN, DISTRIBUCIÓN, ETC. (PIE DE IMPRENTA)
Lugar de publicación distribución etc. Cambridge (Mass.)
Nombre del editor distribuidor etc. N.B.E.R.
Fecha de publicación distribución etc. 1977
300 ## - DESCRIPCIÓN FÍSICA
Extensión v. (679 p.)
Dimensiones 24 cm.
490 ## - MENCIÓN DE SERIE
Mención de serie Studies in income and wealth;v. 41
500 ## - NOTA GENERAL
Nota general Contiene bibliografía e índices
650 #4 - PUNTO DE ACCESO ADICIONAL DE MATERIA--TÉRMINO DE MATERIA
Término de materia o nombre geográfico como elemento inicial ESTADOS UNIDOS
9 (RLIN) 42888
650 #4 - PUNTO DE ACCESO ADICIONAL DE MATERIA--TÉRMINO DE MATERIA
Término de materia o nombre geográfico como elemento inicial RENTA NACIONAL
9 (RLIN) 48262
650 #4 - PUNTO DE ACCESO ADICIONAL DE MATERIA--TÉRMINO DE MATERIA
Término de materia o nombre geográfico como elemento inicial DISTRIBUCION
9 (RLIN) 8496
650 #4 - PUNTO DE ACCESO ADICIONAL DE MATERIA--TÉRMINO DE MATERIA
Término de materia o nombre geográfico como elemento inicial RENTA
9 (RLIN) 50200
700 1# - PUNTO DE ACCESO ADICIONAL--NOMBRE DE PERSONA
Nombre de persona Juster, Francis Thomas
9 (RLIN) 23234
942 ## - ELEMENTOS DE PUNTO DE ACCESO ADICIONAL (KOHA)
Tipo de ítem Koha Libros
942 ## - ELEMENTOS DE PUNTO DE ACCESO ADICIONAL (KOHA)
-- 33691
Holdings
Estado de retiro Estado de pérdida Estado dañado No para préstamo Localización permanente Fecha de adquisición Signatura topográfica completa Código de barras Fecha visto por última vez Precio válido a partir de Tipo de ítem Koha
      Disponible para préstamo IEF 1994-12-05 30192 30192 2018-02-19 2018-02-19 Libros

Powered by Koha